000
00332nam a2200133Ia 4500
008
191201s2004 xx 000 0 und d
082
_a
670
_b
BAM
100
_a
BAWA, H S
245
0
_a
Manufacturing Processes-1
260
_a
N.Delhi
_b
Tata Mc Graw Hill Pub. co. Ltd
_c
2004
300
_a
283
650
_a
B.Tech(ME)
942
_2
ddc
_c
BK
999
_c
1218
_d
1218